000 00966 a2200193 4500
003 Nust
005 20170207154202.0
020 _a0029465710
040 _cNust
082 _a621.38132
100 _aFloyd, Thomas L.
245 _aPrinciples of electric circuits :
_bconventional current version
_cThomas L. Floyd
250 _a7th.ed
260 _aUpper Saddle River, N.J. :
_bPrentice Hall,
_c2003
300 _a992 p.
505 _aIntroduction Page 1, Voltage, Current And Resistance Page 27, Ohm’s Law Page 69, Power And Energy Page 93, Series Resistive Circuits Page 117, Parallel Resistive Circuits Page 173, Series Parallel Circuits Page 225. Circuit Theorems And Conversions Page 277, Branch, Mesh And Node Analysis Page 335, Magnetism And Electromagnetism Page 401, Introduction To AC And Voltage Page 401, Phasors And Complex Numbers Page 449, Capacitors Page 475.
538 _aAlmirah no 33 and shelf no 5
650 _aTelecommunication Engineering
942 _2ddc
_cBK
999 _c194715
_d194715